000 00487nam a22001697a 4500
003 MACL
005 20171221122637.0
008 160510b xxu||||| |||| 00| 0 eng d
040 _cMACL
041 _aHindi
082 _a891.431
100 _aकुमावत, पायल
_955952
245 _aतेजस्विनी
_cपायल कुमावत
260 _aउदयपुर
_bनिधि प्रकाशन
_c2009
650 _aPoem
_927793
942 _2ddc
_cHIN
999 _c53945
_d53945